| 000 | 00386cam a22001097a 4500 | ||
|---|---|---|---|
| 008 | 180718b1956 xxu||||| |||| 00| 0 eng d | ||
| 082 | _aK7x42 Un3m | ||
| 245 |
_aMachinery of negotiation for railway staff _cby British Transport Commission, United Kingdom |
||
| 260 |
_aLondon _bBritish Transport Commission _c1956 |
||
| 300 | _a39+p. | ||
| 700 | _aUnited Kingdom. British Transport Commission | ||
| 999 |
_c500152 _d500152 |
||